| Поле | Инд. | ПП | Название | Значение |
|---|---|---|---|---|
| Тип записи | a | |||
| Библиографический уровень | a | |||
| 001 | Контрольный номер | 2207a4256f944a819593dd2615e49de6 | ||
| 005 | Дата корректировки | 20231023102044.2 | ||
| 020 | a | ISBN | 5-230-08552-5 | |
| 040 | a | Служба первич. каталог. | НБ ТвГУ | |
| b | Код языка каталог. | rus | ||
| e | Правила каталог. | PSBO | ||
| 041 | 0_ | a | Код языка текста | rus |
| 097 | b | Оператор | Shalygina.EA | |
| 100 | 1_ | a | Автор | Максимов В. М. |
| 245 | 10 | a | Заглавие | Экспоненциальное представление дискретной группы, возникающей из операционных отображений дифференциальных операторов |
| 260 | a | Место издания | Тверь | |
| b | Издательство | Тверской государственный университет | ||
| 504 | a | Библиография | Библиогр.: с. 53 | |
| 520 | 0_ | a | Аннотация | Рассматривается группа, порождаемая отображениями дифференциальных операторов, связанных с преображением Лапласа. Дано описание элементы этой группы в виде их экспоненциального представления от дифференциальных операторов. Следствием такого представления являются известные ранее соотношения для элементов этой группы. |
| 653 | 0_ | a | Ключевые слова | Алгебраические конструкции |
| a | Ключевые слова | Логические конструкции | ||
| a | Ключевые слова | Труды Тверского государственного университета | ||
| a | Ключевые слова | Экспоненциальное представление | ||
| a | Ключевые слова | Дискретные группы | ||
| 773 | 18 | w | Контрольный № источника | 1d8d8438-d122-480e-922c-e4bc5927cfa9 |
| t | Название источника | Алгебраические и логические конструкции | ||
| d | Место и дата издания | Тверь : Тверской государственный университет, 1994 | ||
| g | Прочая информация | С. 46-53 | ||
| 901 | t | Тип документа | a | |
| 920 | a | Оператор | Шалы |